| 000 | 00000nam 2200000zi 4500 |
| 001 | 9.938918 |
| 003 | CaOODSP |
| 005 | 20250401153857 |
| 006 | m o d f |
| 007 | cr |n||||||||| |
| 008 | 240603s2024 pic ob f|0| 0 fre d |
| 020 | |a9780660721910 |
| 040 | |aCaOODSP|bfre|erda|cCaOODSP |
| 043 | |an-cn--- |
| 086 | 1 |aV49-22/2024F-PDF |
| 245 | 00|aServir après le service : |bla stratégie nationale d'emploi pour les vétérans et les vétéranes. |
| 264 | 1|a[Charlottetown, Île-du-Prince-Édouard] : |bAnciens combattants Canada = Veterans Affairs Canada, |c2024. |
| 300 | |a1 ressource en ligne (32 pages) |
| 336 | |atexte|btxt|2rdacontent/fre |
| 337 | |ainformatique|bc|2rdamedia/fre |
| 338 | |aressource en ligne|bcr|2rdacarrier/fre |
| 500 | |aPublié aussi en anglais sous le titre : Service after service: the national veterans employment strategy. |
| 500 | |aTitre de la couverture. |
| 504 | |aComprend des références bibliographiques. |
| 520 | |a« En adoptant une approche axée sur les vétérans et vétéranes, la Stratégie nationale d’emploi pour les vétérans et vétéranes répond à l’engagement du gouvernement du Canada de lancer une stratégie intégrale visant à offrir des possibilités d’emploi gratifiantes à tous les vétérans et vétéranes qui quittent les FAC. Anciens Combattants Canada (ACC) a entrepris une analyse des recherches existantes et engagé des consultations avec les vétérans et vétéranes et les intervenants. La stratégie est conçue pour combler les lacunes existantes et tirer parti des possibilités qui peuvent exister pour apporter des soutiens nouveaux et améliorés aux vétérans et vétéranes. Elle met l’accent sur les plans visant à mettre en relation les vétérans et vétéranes et les employeurs désireux d’embaucher des vétérans et vétéranes, et elle définit les rôles du gouvernement, du secteur privé et des organisations non gouvernementales afin de promouvoir et d’accroître les possibilités de trouver un emploi dans le secteur civil »--Sommaire, page 4. |
| 650 | 6|aAnciens combattants|xTravail|zCanada. |
| 650 | 6|aAnciens combattants|xServices|zCanada. |
| 710 | 1 |aCanada. |bAnciens combattants Canada, |eorganisme de publication. |
| 775 | 08|tService after service : |w(CaOODSP)9.938917 |
| 856 | 40|qPDF|s1.11 Mo|uhttps://publications.gc.ca/collections/collection_2025/acc-vac/V49-22-2024-fra.pdf |